000 00779nam a22002417a 4500
942 _cBK
999 _c312
_d312
005 20250420134805.0
008 200108b ||||| |||| 00| 0 eng d
020 _a9781783987702
040 _cKCST
082 _a519.4
_bRo Le
100 _aRojas G, Sergio J
_91094
245 _aLearning SciPy for Numerical and Scientific Computing /
_cSergio J Rojas G; Erik A Christensen; Francisco J Blanco-Silva
250 _a2nd ed.
260 _aBirmingham :
_bPackt Publishing,
_c2015.
300 _a172 p.
650 _aComputer science.
_9199
650 _aNumerical analysis
_xData processing.
_91095
650 _aPython (Computer program language).
_951
700 _aChristensen, Erik A
_91096
700 _aBlanco-Silva, Francisco J
_91097
942 _2ddc